Noorul Muneerul Poornanda/ (Record no. 181829)

000 -LEADER
fixed length control field 00407nam a2200169 4500
020 ## - INTERNATIONAL STANDARD BOOK NUMBER
ISBN 9788199220881
082 ## - DEWEY DECIMAL CLASSIFICATION NUMBER
Classification number M3
Item number NIZ/N
100 ## - MAIN ENTRY--AUTHOR NAME
Personal name Nizar Ilthumish
245 ## - TITLE STATEMENT
Title Noorul Muneerul Poornanda/
Statement of responsibility, etc by Nizar Ilthumish
250 ## - EDITION STATEMENT
Edition statement 24
260 ## - PUBLICATION, DISTRIBUTION, ETC. (IMPRINT)
Place of publication Calicut:
Name of publisher Mankind,
Year of publication 2025.
300 ## - PHYSICAL DESCRIPTION
Number of Pages 192p.
650 ## - SUBJECT ADDED ENTRY--TOPICAL TERM
Topical Term Novel Malayalam
650 ## - SUBJECT ADDED ENTRY--TOPICAL TERM
Topical Term Literature Malayalam
650 ## - SUBJECT ADDED ENTRY--TOPICAL TERM
Topical Term Litrerature
942 ## - ADDED ENTRY ELEMENTS (KOHA)
Koha item type Book
Holdings
Withdrawn status Lost status Damaged status Not for loan Permanent Location Current Location Shelving location Date acquired Cost, normal purchase price Full call number Accession Number Price effective from Koha item type
        Sree Sankaracharya University of Sanskrit Sree Sankaracharya University of Sanskrit Stacks 26.05.2026 325.00 M3 NIZ/N 108969 26.05.2026 Book